Barry's Advanced Construction of Buildings 3rd ed (Record no. 3721)

000 -LEADER
fixed length control field 00311nam a2200109Ia 4500
008 - FIXED-LENGTH DATA ELEMENTS--GENERAL INFORMATION
fixed length control field 200302s9999 xx 000 0 und d
100 ## - MAIN ENTRY--PERSONAL NAME
Personal name Stephen Emmitt and Christopher A. Gorse
245 ## - TITLE STATEMENT
Title Barry's Advanced Construction of Buildings 3rd ed
260 ## - PUBLICATION, DISTRIBUTION, ETC.
Name of publisher, distributor, etc. John- Wiley & Sons, Inc.,
260 ## - PUBLICATION, DISTRIBUTION, ETC.
Date of publication, distribution, etc. 2014
300 ## - PHYSICAL DESCRIPTION
Extent 569
Holdings
Withdrawn status Lost status Damaged status Not for loan Permanent Location Current Location Date acquired Cost, normal purchase price Full call number Barcode Date last seen Price effective from Koha item type Source of classification or shelving scheme Total Checkouts Date last checked out
        BMS College of Architecture, Design and Planning BMS College of Architecture, Design and Planning 2020-03-03 3426.57 690 CL-UG67830 2020-03-03 2020-03-03 UG Books from CL      
        BMS College of Architecture, Design and Planning BMS College of Architecture, Design and Planning 2021-02-23   690 AR-UG2140 2024-11-09 2021-02-23 UG Books   4 2024-10-25
        BMS College of Architecture, Design and Planning BMS College of Architecture, Design and Planning 2021-02-23   690 AR-UG2141 2025-02-17 2021-02-23 UG Books   2 2025-02-17
Copyright © 2025, The Librarian, Library and Information Centre, BMSCA D&P, Bengaluru. All Rights Reserved
web counter

Powered by Koha